Katseye's songs languages - Statistics

General Stats
  • This quiz has been taken 47 times
    44 since last reset
  • The average score is 21 of 22
Answer Stats
Hint Answer % Correct
Debut English
100%
Touch English
100%
My Way English
100%
I'm pretty English
100%
Tonight I Might English
100%
Flame English
100%
Gnarly English
100%
Gabriela English
100%
Gameboy English
100%
Mean Girls English
100%
M.I.A English
100%
Monster High Fright Song English
100%
Time Lapse English
100%
Internet Girl English
100%
Pinky Up English
100%
Flame Spanish
100%
Gabriela Spanish
100%
Flame Korean
95%
Time Lapse Korean
95%
Flame Chinese
79%
Pinky Up French
66%
Gabriela Italian
39%
No matching quizzes found
Score Distribution
Percent of People with Each Score
Percentile by Number Answered
Your Score History
You have not taken this quiz since the last reset